| Tag |
First Indicator |
Second Indicator |
Subfields |
| LEADER |
00000cam a2200000 a 4500 |
| 001 |
in00000020568 |
| 005 |
20151007053948.0 |
| 008 |
871104s1987 paua b 10100 eng |
| 010 |
|
|
|a 87033261
|
| 020 |
|
|
|a 0803109660
|
| 035 |
|
|
|a (OCoLC)17104520
|
| 035 |
|
|
|9 AAB3493AM
|
| 040 |
|
|
|a DLC
|c DLC
|d TXA
|d UtOrBLW
|
| 049 |
|
|
|a TXAM
|c [A11052790]
|
| 050 |
0 |
0 |
|a TA462
|b .D37 1987
|
| 082 |
0 |
|
|a 620.1/623
|2 19
|
| 245 |
0 |
0 |
|a Degradation of metals in the atmosphere :
|b a symposium sponsored by ASTM Committee G-1 on Corrosion of Metals, Philadelphia, PA, 12-13 May 1986 /
|c Sheldon W. Dean and T.S. Lee, editors.
|
| 264 |
|
1 |
|a Philadelphia, PA :
|b ASTM,
|c [1987]
|
| 264 |
|
4 |
|c ©1987
|
| 300 |
|
|
|a 441 pages :
|b illustrations ;
|c 24 cm.
|
| 336 |
|
|
|a text
|b txt
|2 rdacontent
|
| 337 |
|
|
|a unmediated
|b n
|2 rdamedia
|
| 338 |
|
|
|a volume
|b nc
|2 rdacarrier
|
| 490 |
1 |
|
|a ASTM special technical publication ;
|v 965
|
| 500 |
|
|
|a Proceedings of the Symposium on Degradation of Metals in the Atmosphere.
|
| 500 |
|
|
|a "ASTM publication code number (PCN) 04-965000-27."
|
| 504 |
|
|
|a Includes bibliographies and indexes.
|
| 650 |
|
0 |
|a Corrosion and anti-corrosives
|v Congresses.
|
| 650 |
|
0 |
|a Metals
|v Congresses.
|
| 700 |
1 |
|
|a Dean, S. W.
|
| 700 |
1 |
|
|a Lee, T. S.
|q (Thaddeus Shuptrine),
|d 1948-
|
| 711 |
2 |
|
|a Symposium on Degradation of Metals in the Atmosphere
|d (1986 :
|c Philadelphia, Pa.)
|
| 710 |
2 |
|
|a ASTM Committee G-1 on Corrosion of Metals.
|
| 830 |
|
0 |
|a ASTM special technical publication ;
|v 965.
|
| 999 |
|
|
|a MARS
|
| 999 |
f |
f |
|s 98bb5cde-3e3a-300b-85ac-12a6b2d2e51f
|i 7aebe8f9-1e29-33c6-b9b4-e72cfe9e2a76
|t 0
|
| 952 |
f |
f |
|p ric
|a Texas A&M University
|b Rellis Campus
|c Joint Library Facility
|d Remote Storage
|t 0
|e TA462 .D37 1987
|h Library of Congress classification
|i unmediated -- volume
|m A14811052790
|
| 998 |
f |
f |
|a TA462 .D37 1987
|t 0
|l Remote Storage
|